| 000 | 00694nam a2200241Ia 4500 | ||
|---|---|---|---|
| 005 | 20250425162841.0 | ||
| 008 | 250425s9999 xx 000 0 und d | ||
| 020 | _a978 1973252115 | ||
| 041 | _aeng | ||
| 082 |
_a621.3 _pCOL |
||
| 100 | _aColbach Gordon | ||
| 245 | 0 |
_aWireless networking: Introduction to bluetooth and wiFi _cGordon, Colbach |
|
| 250 | _afirst edition | ||
| 260 |
_aOrlando _bS.E. _c2017 |
||
| 300 |
_a185 pagina _bilustración _c24 cm. |
||
| 500 | _aIncluye índice | ||
| 650 | _aConexión LAM | ||
| 650 | _aConexiones móviles inalámbricas | ||
| 650 | _aRedes informáticas inalámbricas | ||
| 902 |
_aMonográfico _cImpreso |
||
| 942 | _c01 | ||
| 010 | _a113640 | ||
| 999 |
_c237725 _d237725 |
||